Top 5 najwięszych miast z każdego województwa - Statystyki

Ogólne statystyki
  • Ten quiz został rozwiązany 48 razy
  • Średni wynik to 56 z 80
Statystyki odpowiedzi
Województwo Miasto % Poprawnych
Mazowieckie Warszawa
98%
Małopolskie Kraków
95%
Pomorskie Gdańsk
93%
Pomorskie Gdynia
93%
Wielkopolskie Poznań
93%
Dolnośląskie Wrocław
93%
Lubuskie Gorzów Wielkopolski
90%
Śląskie Katowice
90%
Łódzkie Łódź
90%
Lubelskie Lublin
90%
Zachodniopomorskie Szczecin
90%
Lubuskie Zielona Góra
90%
Podlaskie Białystok
88%
Świętokrzyskie Kielce
88%
Mazowieckie Płock
88%
Kujawsko-Pomorskie Bydgoszcz
85%
Śląskie Gliwice
85%
Wielkopolskie Konin
85%
Opolskie Opole
85%
Mazowieckie Radom
85%
Podlaskie Suwałki
85%
Kujawsko-Pomorskie Toruń
85%
Śląskie Częstochowa
83%
Zachodniopomorskie Kołobrzeg
83%
Podkarpackie Rzeszów
83%
Warmińsko-Mazurskie Elbląg
80%
Dolnośląskie Legnica
80%
Warmińsko-Mazurskie Olsztyn
80%
Warmińsko-Mazurskie Ełk
78%
Zachodniopomorskie Koszalin
78%
Dolnośląskie Wałbrzych
78%
Lubelskie Zamość
78%
Wielkopolskie Kalisz
76%
Dolnośląskie Lubin
76%
Małopolskie Nowy Sącz
76%
Mazowieckie Siedlce
76%
Małopolskie Tarnów
76%
Śląskie Sosnowiec
73%
Śląskie Bielsko-Biała
71%
Podkarpackie Przemyśl
71%
Pomorskie Słupsk
71%
Lubelskie Chełm
68%
Małopolskie Oświęcim
68%
Zachodniopomorskie Świnoujście
68%
Kujawsko-Pomorskie Włocławek
68%
Podlaskie Łomża
66%
Łódzkie Piotrków Trybunalski
66%
Lubelskie Biała Podlaska
63%
Kujawsko-Pomorskie Inowrocław
63%
Dolnośląskie Jelenia Góra
63%
Podkarpackie Mielec
63%
Wielkopolskie Piła
63%
Podkarpackie Tarnobrzeg
63%
Łódzkie Bełchatów
59%
Kujawsko-Pomorskie Grudziądz
59%
Świętokrzyskie Ostrowiec Świętokrzyski
59%
Zachodniopomorskie Stargard
59%
Opolskie Kędzierzyn-Koźle
56%
Mazowieckie Ostrołęka
56%
Wielkopolskie Ostrów Wielkopolski
56%
Lubelskie Puławy
56%
Opolskie Nysa
54%
Świętokrzyskie Sandomierz
54%
Podlaskie Augustów
51%
Łódzkie Pabianice
51%
Podkarpackie Stalowa Wola
51%
Opolskie Kluczbork
49%
Świętokrzyskie Starachowice
49%
Łódzkie Tomaszów Mazowiecki
49%
Pomorskie Tczew
46%
Pomorskie Wejherowo
46%
Lubuskie Żary
46%
Opolskie Brzeg
44%
Warmińsko-Mazurskie Giżycko
44%
Lubuskie Nowa Sól
44%
Świętokrzyskie Skarżysko-Kamienna
44%
Małopolskie Chrzanów
41%
Warmińsko-Mazurskie Iława
41%
Podlaskie Bielsk Podlaski
39%
Lubuskie Żagań
37%
Nie znaleziono quizów pasujących do podanych kryteriów
Rozkład punktacji
Procent ludzi z każdym wynikiem
Percentyl według liczby udzielonych odpowiedzi
Twoja historia wyników
Nie rozwiązałeś tego quizu